000 00633cab a2200241 4500
001 ABS44805
008 090401t1991 xxu||||| |||| 00| 0 eng d
035 _a(Sirsi) u49149
041 _aeng
100 _aBirch, M.
245 _aKnocking on wood for a mate
260 _c1991
350 _a0
490 _aNew Scientist
_v(1776) 6 July 1991, 32-44(3)
520 _aDescribes our present knowledge of the deathwatch beetle .
650 _aCHURCHES
650 _aPEST CONTROL
650 _aPESTICIDES
690 _aBUILT ENVIRONMENT-BUILDING INSPECTION
700 _aMenendez, G.
942 _n0
948 _c04/03/1997
999 _c30773
_d30773